Il Ladro Di Diamanti

Spremljeno u:
Bibliografski detalji
Glavni autor: Abbye Smithers
Format: Knjiga
Jezik:nepoznati jezik
Izdano: Armando Curcio Editore
Oznake: Dodaj oznaku
Bez oznaka, Budi prvi tko označuje ovaj zapis!

MARC

LEADER 00000nam a2200000Ia 4500
001 R-795
003 CODICE-MESSINA
005 20260212102457.0
008 260211s9999 xx 000 0 und d
040 |c importazione_messina 
100 |a Abbye Smithers 
245 0 |a Il Ladro Di Diamanti 
260 |b Armando Curcio Editore 
942 |2 ddc  |c BK 
952 |0 0  |1 0  |2 ddc  |4 0  |6 SCAFFALE_6_000000000000000__ROMANZI  |7 0  |9 31622  |a ME  |b ME  |d 2026-02-11  |l 0  |o SCAFFALE 6 - ROMANZI  |p R-795  |r 2026-02-11 23:52:40  |w 2026-02-11  |x [REVISIONARE]  |y BK 
999 |c 27287  |d 27287